000 00504pab a2200181 454500
008 180718b2007 xxu||||| |||| 00| 0 eng d
100 _aMahalinga Siva, M.S.A.
245 _aDeveloping a conceptual model of NGO effectiveness in the Indian context
260 _c2007
300 _ap.212-23.
362 _aJul-Sep
650 _aNongovernmental organizations - India
650 _aNongovernmental organizations
700 _aRoy, Santanu
773 _aProductivity
908 _aN
909 _a76907
999 _c76907
_d76907